000 00503nam a22001817a 4500
005 20260115154939.0
010 _aENG-147490
020 _a9789349042704
_c199.00
035 _aEN-131022
037 _bDBAD
082 _aS
_21
100 _aNesbit, Edith
_986443
245 _aThe Railway Children/
_cEdith Nesbit
260 _aChandigarh
_bThe Browser
_c2025
270 _bChandigarh
_aSCO 14-15, Sector 8-C
_e160009
_mservice@thebrowser.org
300 _a163p.
_c20cm(pb)
942 _2ddc
_cEN
_hS
_mNES
999 _c214181
_d214181